| 000 | 00476nam a2200181Ia 4500 | ||
|---|---|---|---|
| 001 | 3581 | ||
| 005 | 20260306145654.0 | ||
| 008 | 260306t2017||||xx |||||||||||||| ||spa|| | ||
| 041 | _aESP | ||
| 082 |
_a291.1 _bP23 T. 6 V. 2 |
||
| 100 |
_aPanikkar, Raimon _eAUT |
||
| 245 | 0 |
_aCulturas y religiones en diálogo: _bdiálogo intercultural e interreligioso |
|
| 260 | _c2017 | ||
| 300 |
_a339 páginas : _c25 cm. |
||
| 650 | _aGEN | ||
| 654 | _aCHU | ||
| 942 |
_cLIB _dJUS _fJUS _2ddc _n |
||
| 999 |
_c3581 _d3581 |
||